Personnages Barbie #1 - Statistiques

Statistiques générales
  • Ce quiz a été pris 450 fois
  • Le résultat moyen est 15 sur 48
Statistiques - réponses
Par images Réponse % Correct
Geneviève
79%
Raiponce
68%
Courtney
66%
Blair
64%
Fallon
58%
Derek
54%
Delia
48%
Rowena
48%
Melodie
46%
Corinne
45%
Hadley
43%
Alexa
41%
Ashlyn
39%
Miette
39%
Annika
36%
Kathleen
36%
Lacey
36%
Edeline
33%
Gothel
33%
Louis
33%
Sparkle
33%
Desmond
30%
Penelope
29%
Liana
28%
Lily
26%
Renée
26%
Alexandre
25%
Lydia
25%
Aramina
24%
Brietta
24%
Otto
24%
Twyla
22%
Aiden
21%
Shiver
21%
Viveca
20%
Ollie
19%
Wenlock
19%
Ian
18%
Hugo
17%
Jeremy
17%
Sournois
15%
Ilsa
13%
Monsieur de Tréville
13%
Helene
12%
Stefan
12%
Hobie
10%
Jenessa
9%
Rayla
4%
Aucun quiz correspondant
Distribution des résultats
% des personnes avec chaque résultat
Percentile par nombre de réponses
Votre historique - résultats
Vous n’avez pas pris ce quiz